Διονυσίου Σολωμού άπαντα : το ιταλόγλωσσο έργο του
Αποθηκεύτηκε σε:
| Κύριος συγγραφέας: | |
|---|---|
| Άλλοι συγγραφείς: | |
| Μορφή: | Βιβλίο |
| Γλώσσα: | Greek |
| Δημοσίευση: |
Αθήνα :
Παπαδήμας,
1986
|
| Έκδοση: | 2η έκδ. |
| Θέματα: | |
| Ετικέτες: |
Προσθήκη ετικέτας
Δεν υπάρχουν, Καταχωρήστε ετικέτα πρώτοι!
|
MARC
| LEADER | 00000cam a2200000 i 4500 | ||
|---|---|---|---|
| 001 | 1/80855 | ||
| 008 | 050713s1986 gre d | ||
| 035 | |l 10079127 | ||
| 040 | |a GR-MY-UA |b gre |e aacr | ||
| 041 | 0 | |a gre | |
| 082 | 0 | |a 889.1 |2 (22) | |
| 100 | 1 | |a Παπανικολάου, Γεώργιος Ν., |d 1883-1962. | |
| 245 | 1 | 0 | |a Διονυσίου Σολωμού άπαντα : |b το ιταλόγλωσσο έργο του / |c Γεωργίου Ν. Παπανικολάου ; μετάφραση - προλεγόμενα Πολυλά Ιακώβου |
| 246 | 3 | 3 | |a Άπαντα |
| 250 | |a 2η έκδ. | ||
| 260 | |a Αθήνα : |b Παπαδήμας, |c 1986 | ||
| 300 | |a 2.τ.; |c 21 εκ. | ||
| 500 | |a κείμενο, μετάφραση, σχόλια, επιστολές, επιδράσεις, σχήματα λόγου, ιδιαίτερα στοιχεία, μετρική, αντισολωμικές κριτικές, κριτική ανθολογία, γενική κριτική, ψήγματα στοχασμών, γλωσσάριο, βιβλιογραφία, ευρετήριο | ||
| 500 | |a Συνοδεύεται από τα ιταλικά ποιήματα | ||
| 600 | 1 | 0 | |a Σολωμός, Διονύσιος, |d 1798-1857. |
| 650 | 0 | 0 | |a Poets, Greek (Modern) |
| 650 | 0 | 0 | |a Greek poetry, Modern. |
| 700 | 1 | |4 aui |a Πολυλάς, Ιάκωβος, |d 1826-1896. | |
| 852 | |a INST |b RHODES |c KRI |e 20050713 |h 889.1 ΣΟΛ |p 005400030576 |q 005400030576 |t BK |v τ.2: |y 0 |z τ.2 | ||
| 853 | |a INST |b RHODES |c KRI |h 889.1 ΣΟΛ | ||
| 901 | |a BIBL4-2005-2 | ||
| 909 | |a Ρ |b 110837 | ||
| 970 | |a ΣΙΔΕΡΗ |b ΝΕΚΤΑΡΙΑ |z 2005/07/13 | ||